EYVALLAH BİRLİK DÜKKANI (Record no. 1007357)

MARC details
000 -LEADER
sabit uzunluktaki kontrol alanı 00262nam a2200097Ia 4500
001 - KONTROL NUMARASI
kontrol alanı 1007357
005 - EN SON İŞLEMİN TARİH VE ZAMANI
kontrol alanı 20250826230604.0
008 - SABİT-UZUNLUKTA VERİ ÖĞELERİ--GENEL BİLGİ
sabit uzunluktaki kontrol alanı 250824s9999 xx 000 0 und d
245 #0 - ESER / YAZAR
ESER ADI EYVALLAH BİRLİK DÜKKANI
Yazar Adı HİKMET ANIL ÖZTEKİN
260 ## - YAYIN, DAĞITIM, VB.
YAYIN EVİ DESTEK YAYINLARI
Holdings
Düşüm durumu Kayıp durumu Hasar Durumu Ödünç verilmez Ana kütüphane Geçerli Kütüphane Edinilen tarih Toplam ödünç verme sayısı Barkod Son görüntüleme tarihi Fiyatın geçerli olmaya başladığı tarih Koha materyal türü
        ABDÜLEZEL PAŞA İMAM HATİP ORTAOKULU ABDÜLEZEL PAŞA İMAM HATİP ORTAOKULU 24.08.2025   1075130 26.08.2025 26.08.2025 Books